| 000 | 01061nac a22002777a 4500 | ||
|---|---|---|---|
| 001 | BR8100840 | ||
| 003 | BR-BrBNA | ||
| 005 | 20240105114917.0 | ||
| 008 | 230509b bl.|||m| |||| 00| 0 por d | ||
| 040 |
_aBR-BrBNA _bpor _cBiblioteca Nacional de Agricultura |
||
| 072 | _aL00 | ||
| 090 | _a5213 BR8100840 | ||
| 110 | 1 |
_aEmpresa Brasileira de Assistencia Tecnica e Extensao Rural, Brasilia, DF; _93797 |
|
| 110 | 1 |
_aEmpresa Brasileira de Pesquisa Agropecuaria, Brasilia, DF _93834 |
|
| 245 | 1 |
_aSistemas de producao para bovinocultura de corte [Amazonas; Brasil] _bRevisao |
|
| 246 | 1 |
_a[Production systems for beef cattle [Amazonas; Brazil]] _b[Revision] |
|
| 260 | 3 |
_aManaus, AM (Brasil): _bEmpresa de Assistencia Tecnica e Extensao Rural do Estado do Amazonas, _c1980. |
|
| 300 | _a37 p. | ||
| 490 |
_aSistemas de Producao. Boletim (Brazil) _vno. 49 _xISSN 0100-5359 |
||
| 650 | _aProducao animal | ||
| 650 | _aGado de corte | ||
| 650 | _aManejo | ||
| 650 | _aAmazonas | ||
| 909 |
_a202312 _bLúcia Elande _c55 _dLúcia Elande |
||
| 942 |
_2AGRIS _n0 _cMS |
||
| 999 |
_c271989 _d271989 |
||